000
00266nam a2200097Ia 4500
005
20250424112935.0
008
250424s9999 xx 000 0 und d
300
_a
vi. 117 p. :ill. ; 29 cm.
650
_a
Electrical and Electronic Engineering--Periodicals.
942
_c
SR
999
_c
38004
_d
38004